Zombieland - Rules to Survive Quiz Stats

 Plays Quiz Updated Dec 23, 2018

Support Sporcle.
Go Orange.
Score 0/10 Timer 02:00
4 Plays Today
Rule # Rules % Correct
2Double Tap
84.1%
1Cardio
81.6%
3Beware of Bathrooms
58.2%
4Seatbelts
58.1%
17Don't be a hero/Be a hero
50.6%
31Check the Back Seat
46.2%
32Enjoy the little things
44.5%
18Limber Up
43.7%
7Travel Light
31%
22When in Doubt, Know Your Way Out
24.4%

From the Vault

Word Fragment X

by baldorr

We're not sure who shattered these words, but we'd love your help in reassembling them.
Remove Ads.
Support Sporcle.
Get the best of Sporcle when you Go Orange. This ad-free experience offers more features, more stats, and more fun while also helping to support Sporcle. Thank you for becoming a member.

Show Comments

Extras

Top Quizzes Today


Score Distribution

Your Account Isn't Verified!

In order to create a playlist on Sporcle, you need to verify the email address you used during registration. Go to your Sporcle Settings to finish the process.

Report this User

Report this user for behavior that violates our Community Guidelines.

Details: